000 00571nmm a2200181Ia 4500
008 251105s9999||||xx |||||||||||||||||und||
020 _a9788431533632
041 _aspa
100 _aPrieur, Nicole
245 0 _a¡Dejad de pelearos! ¿Debemos intervenir en los conflictos de los niños?
264 _a[Madrid, España] :
_bDe Vecchi,
_c[Fecha de publicación no identificada]
300 _a0 páginas
650 _aFamily
700 _aPrieur, Nicole
700 1 _a Gravillon, Isabelle
856 _uhttps://public.digitaliapublishing.com/a/123050
942 _cCF
999 _c70196
_d70196